| 000 | 00366nam a2200121Ia 4500 | ||
|---|---|---|---|
| 008 | 160523s9999 xx 000 0 und d | ||
| 100 | _aChadwick, Alex. | ||
| 245 | _aBaking Pi: Operating Systems Development | ||
| 245 | _cAlex Chadwick. | ||
| 260 | _c2012 | ||
| 650 | _xInformation Technology. | ||
| 856 | _uhttp://www.cl.cam.ac.uk/projects/raspberrypi/tutorials/os/ | ||
| 999 |
_c294743 _d294743 |
||